000 01125cam a2200265 i 4500
999 _c57987
_d57987
001 18599675
005 20221122173431.0
008 150501s2016 nyu b 001 0 eng
020 _a9781138914049x
041 _aeng
080 _a336 F-54
245 0 0 _aFinancial regulation in the European Union /
_cedited by Rainer Kattel, Jan Kregel and Mario Tonveronachi.
250 _aFirst Edition.
264 1 _aNew York :
_bRoutledge, Taylor & Francis
_c2016.
300 _a331 pages ;
_c24 cm.
490 1 _aRoutledge critical studies in finance and stability ;
_v7
504 _aIncludes bibliographical references and index.
653 _aფინანსური რეგულაცია ევროკავშირში
653 _aმონეტარული პოლიტიკა
653 _aბანკები და საბანკო საქმე
700 1 _aKattel, Rainer,
_d1974-
_eრედაქტორი
_911418
700 1 _aKregel, J. A.,
_eრედაქტორი
_911419
700 1 _aTonveronachi, Mario,
_eრედაქტორი
_911420
942 _2udc
_cBK